000 00346nam a2200145Ia 4500
008 221030s9999 xx 000 0 und d
041 _aEnglish
082 _a105.23
100 _aB. R. Puri
245 0 _aPrinciples of Inorganic Chemistry
_cby B. R. Puri , L. R. Sharma
260 _c0
650 _aB
700 _aL. R. Sharma
942 _cBK
999 _c10481
_d10481